Промышленная экология: учебное пособие

מידע ביבליוגרפי
מחבר ראשי: Гарин В. М. Вадим Михайлович
מחברים אחרים: Кленова И. А. Ирина Анатольевна, Колесников В. И. Владимир Иванович
סיכום:Учебное пособие предназначено для студентов высших технических учебных заведений, изучающих дисциплины «Промышленная экология», «Общая экология» и «Охрана окружающей среды». Учебное пособие написано в соответствии с образовательными стандартами для технических вузов. В нем рассмотрены вопросы биологической, промышленной и правовой экологии. Использованы наработки федеральных, региональных и местных надзорных и исполнительных органов по вопросам охраны окружающей среды. Отражен опыт преподавания этих дисциплин в технических высших учебных заведениях. Может быть полезно при подготовке аспирантов и инженерно-технических работников, занимающихся охраной окружающей среды.
שפה:רוסית
יצא לאור: Москва, Маршрут, 2005
סדרה:Высшее профессиональное образование
נושאים:
פורמט: ספר
KOHA link:https://koha.lib.tpu.ru/cgi-bin/koha/opac-detail.pl?biblionumber=109565

MARC

LEADER 00000nam0a2200000 4500
001 109565
005 20231031120057.0
010 |a 5890352822 
035 |a (RuTPU)RU\TPU\book\118314 
090 |a 109565 
100 |a 20070209d2005 m y0rusy50 ca 
101 0 |a rus 
102 |a RU 
105 |a a j 001zy 
200 1 |a Промышленная экология  |e учебное пособие  |f В. М. Гарин, И. А. Кленова, В. И. Колесников 
210 |a Москва  |c Маршрут  |d 2005 
215 |a 327 с.  |c ил. 
225 1 |a Высшее профессиональное образование 
320 |a Библиогр.: с. 316-322. 
330 |a Учебное пособие предназначено для студентов высших технических учебных заведений, изучающих дисциплины «Промышленная экология», «Общая экология» и «Охрана окружающей среды». Учебное пособие написано в соответствии с образовательными стандартами для технических вузов. В нем рассмотрены вопросы биологической, промышленной и правовой экологии. Использованы наработки федеральных, региональных и местных надзорных и исполнительных органов по вопросам охраны окружающей среды. Отражен опыт преподавания этих дисциплин в технических высших учебных заведениях. Может быть полезно при подготовке аспирантов и инженерно-технических работников, занимающихся охраной окружающей среды. 
610 1 |a промышленная экология 
610 1 |a биоэкология 
610 1 |a человек 
610 1 |a экология 
610 1 |a окружающая среда 
610 1 |a загрязнение 
610 1 |a энергетика 
610 1 |a народонаселение 
610 1 |a атмосферный воздух 
610 1 |a защита 
610 1 |a водные объекты 
610 1 |a физические загрязнения 
610 1 |a земельные ресурсы 
610 1 |a флора 
610 1 |a фауна 
610 1 |a твердые отходы 
610 1 |a правовые основы 
610 1 |a учебные пособия 
675 |a 504.064(075.8)  |v 3 
700 1 |a Гарин  |b В. М.  |g Вадим Михайлович 
701 1 |a Кленова  |b И. А.  |g Ирина Анатольевна 
701 1 |a Колесников  |b В. И.  |g Владимир Иванович 
801 1 |a RU  |b 63413507  |c 20070209  |g PSBO 
801 2 |a RU  |b 63413507  |c 20120207  |g PSBO 
900 |a Промышленная экология 
942 |c BK 
953 |a 551400 
959 |a 10/20070129  |d 1  |e 327,00  |f ЧЗТЛ:1